Statistiques concernant Les personnages de Lucifer

Cliquez ici pour prendre le quiz!

Statistiques générales

  • Ce quiz a été pris 824 fois
  • Le résultat moyen est 9 sur 15

Statistiques - réponses

Réponse% Correct
Amenadiel
84%
Daniel Espinoza/Dan
84%
Eve
84%
Dieu
80%
Lucifer Morningstar
80%
Mazikeen Smith/Maze
75%
Chloé Decker
74%
Trixie
67%
Ella Lopez
47%
Linda Martin/Dr Martin
47%
Michel
46%
Charlotte Richards
36%
Rory
33%
Azrael
31%
Rémiel
20%

Distribution des résultats

Percentile par nombre de réponses

% des personnes avec chaque résultat

Votre développement - résultats

Vous n’avez pas pris ce quiz